000 00649nam a2200241 a 4500
001 nice12345678
003 IN_TiNIC
005 20260116013107.0
008 050524s1988 cama grp 000 0 eng
020 _a052192X
_c100
082 0 0 _a305.420956
_bHIJ
100 _aHijab, Nadia
245 _aWoman Power; the Arab Debate on Women at Work
260 _aCambridge
_bCambridge University Press
_c1988
300 _a176p
500 _aincludes index and biblioraphy
505 2 _aTranslated from Urdu By M.A.R.Habib, Madras
650 _aWomen-Arab
700 1 _aHijab, Nadia
902 _bSRS
942 _cBK
999 _c9627
_d9627